A csend ereje Hallássérült emberek és a vállalkozóvá válás

Bibliographic Details
Main Author: Balogh Kata
Other Authors: Csillag Dr. Sára
Format: Students’ Scientific Association paper
Kulcsszavak:fogyatékosság(ok)
gátló tényezők
hallássérülés
identitás
motiváció
segítő tényezők
vállalkozás
Online Access:http://dolgozattar.uni-bge.hu/60486

MARC

LEADER 00000nta a2200000 i 4500
001 dolg60486
005 20260416073801.0
008 260416suuuu hu o 000 hun d
040 |a BGE Dolgozattár Repozitórium  |b hun 
041 |a hu 
100 1 |a Balogh Kata 
245 1 2 |a A csend ereje  |b Hallássérült emberek és a vállalkozóvá válás  |c Balogh Kata  |h [elektronikus dokumentum] 
516 |a Students_Scientific_Association_paper 
520 3 |a A TDK dolgozatom témája a hallássérült vállalkozók. Ezt a témát a motivációk, az identitás, illetve a segítő és gátló tényezők mentén közelítettem meg. A tudományos munka kezdetén sok kérdés merült fel bennem, vajon mi az, amiről igazán szólnia kellene a dolgozatomnak. A következő kérdések merültek fel bennem: Mit ígér a vállalkozás egy hallássérült embernek? Mi lehet a motivációja egy hallássérüléssel élő személynek a vállalkozásra? Hogyan egyeztethető össze a vállalkozói, illetve a hallássérült identitás? Mi lehet segítség számukra a vállalkozás elindítása és működtetése során? Mi szabhat gátat a vállalkozóvá válási folyamatnak és a vállalkozás működtetésének? Ezen kérdések mentén épült fel a dolgozatom elméleti, valamint kutatási része is.A kutatási munkám elvégzéséhez kvalitatív kutatási formát választottam, és félig strukturált interjút készítettem 10 hallássérüléssel élő vállalkozóval. Úgy véltem, számomra ez a kutatási módszer a legmegfelelőbb, mivel a témámhoz sokkal fontosabbak az egyéni tapasztalatok, a kutatásban részt vevők történetei, mint a statisztikákon alapuló adatok.A kutatásom számomra érdekes eredményeket hozott. Több vállalkozó felsőfokú végzettséggel rendelkezik, azonban a munkaerőpiacon hallássérülésük miatt alacsonyabb státuszú pozíciót kaptak. Értéktelennek érezték magukat, így indultak el a vállalkozóvá válás felé. A legnagyobb vállalkozást gátló tényező a kommunikációs képességek alacsony szintje vagy teljes hiánya, amely nagy részben a sérülésből, kisebb mértékben a környezetből következik. A vállalkozási folyamatban fontos segítő tényezőként azonosítható a család, illetve a barátok, valamint az állami támogatások, azonban civil szervezettől senki nem vett igénybe segítséget.Korábban Magyarországon még nem készült kutatás kifejezetten hallássérült vállalkozókkal kapcsolatban, így az én tudományos munkám az első magyar publikáció a téma kapcsán. 
695 |a fogyatékosság(ok) 
695 |a gátló tényezők 
695 |a hallássérülés 
695 |a identitás 
695 |a motiváció 
695 |a segítő tényezők 
695 |a vállalkozás 
700 1 |a Csillag Dr. Sára  |e ths 
856 4 0 |u http://dolgozattar.uni-bge.hu/60486/1/TDK%20dolgozat%20Balogh%20Kata.pdf  |z Dokumentum-elérés 
856 4 0 |u http://dolgozattar.uni-bge.hu/60486/2/Rez%C3%BCm%C3%A9%20Balogh%20Kata.docx  |z Dokumentum-elérés 
856 4 0 |u http://dolgozattar.uni-bge.hu/60486/3/Balogh_Kata.pdf  |z Dokumentum-elérés 
856 4 0 |u http://dolgozattar.uni-bge.hu/60486/4/BaloghK_biralati_lap_gyzs.pdf  |z Dokumentum-elérés